LEADER 00895nas a2200217 i 4500 001 000000144947 003 CaOOAMICUS 005 20060523000000.0 008 051111b2005 it uu u0 0ita r 013 $a120339 040 $aSeMil$bita 245 10$aCittą infinita e cittadinanza :$bsfidare il futuro prossimo per l'uomo. 260 $aMilano :$bCentro Sociale Ambrosiano,$c2005. 300 $a95 p. ;$c21 cm. 773 0 $tOrientamenti.$dMilano : Centro Sociale Ambrosiano, 1978-2006.$w()2569 774 0 $t[vedi periodico].$w()262987 850 $aSeMil 852 $aSeMil$W1$xVenegono$y1$m235 3 117$j97773$B97773$CSeMilBibl$Z2$F111403 $85 961 $aCambio: Scuola Cattolica 996 $6245$aCittą infinita e cittadinanza :$bsfidare il futuro prossimo per l'uomo$9(OLS)http://semarc/title/211982 996 $6260$aMilano :$bCentro Sociale Ambrosiano$9(OLS)http://semarc/publisher/30800 LEADER 00518naa a2200133 i 4500 001 000000324040 003 CaOOAMICUS 005 20180831173436.0 008 180831n it u000 u ita u 013 $a34816 040 $aSeMil$bita 245 12$aL'insegnamento della filosofia in Gregoriana all'epoca del Vaticano 2. 650 4$aRoma - Pontificia Universitą Gregoriana - Storia.$0(OLS)http://semarc/subject/30542 996 $6245$aL'insegnamento della filosofia in Gregoriana all'epoca del Vaticano 2.$9(OLS)http://semarc/title/397414